书目信息 |
| 题名: |
光电子学
|
|
| 作者: | 滨川圭弘 , 西野种夫 编 ;于广涛 译 | |
| 分册: | ||
| 出版信息: | 北京 科学出版社 2002.02 |
|
| 页数: | 123页 | |
| 开本: | 26cm | |
| 丛书名: | ||
| 单 册: | ||
| 中图分类: | TN201 | |
| 科图分类: | ||
| 主题词: | 光电子技术 , 激光技术 | |
| 电子资源: | ||
| ISBN: | 7-03-010031-X | |
| 000 | 00724nam0 2200229 45 | |
| 001 | 0253381343 | |
| 005 | 2002110814494134 | |
| 010 | @a7-03-010031-X@b压膜@dRMB 18.00 | |
| 100 | @a20021108d2002 km y0chiy0120 ea | |
| 101 | 0 | @achi |
| 102 | @aCN@b110000 | |
| 200 | 1 | @a光电子学@Aguang dian zi xue@f(日)滨川圭弘,(日)西野种夫编@F(ri)bin chuan gui hong,(ri)xi ye zhong fu bian@g于广涛译@Gyu guang tao yi |
| 210 | @a北京@c科学出版社@d2002.02 | |
| 215 | @a123页@d26cm | |
| 606 | 0 | @a光电子技术 |
| 606 | 0 | @a激光技术 |
| 690 | @aTN201@v3 | |
| 701 | 0 | @a滨川圭弘@Abin chuan gui hong@4编 |
| 701 | 0 | @a西野种夫@Axi ye zhong fu@4编 |
| 702 | 0 | @a于广涛@Ayu guang tao@4译 |
| 801 | 0 | @aCN@bPFT@c20021108 |
| 905 | @a10447@dTN201@eB821 | |
| 光电子学/(日)滨川圭弘,(日)西野种夫编/于广涛译.-北京:科学出版社,2002.02 |
| 123页;26cm |
| ISBN 7-03-010031-X(压膜):RMB 18.00 |
| ● |
| 相关链接 |
|
|
|
正题名:光电子学
索取号:TN201/B821
 
预约/预借
| 序号 | 登录号 | 条形码 | 馆藏地/架位号 | 状态 | 备注 |
| 1 | 361060 | 203610609 | 自科库301/301自科库 25排2列4层/ [索取号:TN201/B821] | 在馆 | |
| 2 | 361061 | 203610618 | 自科库301/301自科库 18排3列5层/ [索取号:TN201/B821] | 在馆 | |
| 3 | 368899 | 203688991 | 自科库301/301自科库 25排2列4层/ [索取号:TN201/B821] | 在馆 | |
| 4 | 368900 | 203689008 | 自科库301/301自科库 18排3列5层/ [索取号:TN201/B821] | 在馆 | |
| 5 | 368901 | 203689017 | 自科库301/301自科库 18排3列5层/ [索取号:TN201/B821] | 在馆 |